| 000 | 00618nam a2200193Ia 4500 | ||
|---|---|---|---|
| 003 | GCL | ||
| 008 | 140319s9999 xx 000 0 ara d | ||
| 040 |
_aGCL / _cGCL |
||
| 082 | 0 | 4 |
_a421.52 _bم ع |
| 100 | 1 | _aنخبة من اساتذة اللغة | |
| 245 | 1 | 0 |
_aعلم نفسك الانجليزية / _cنخبة من اساتذة اللغة |
| 260 |
_a[S.N] : _bدار الكتاب اللبنانى |
||
| 300 | _a231 ص | ||
| 490 |
_aمجموعة التعليم الذاتى _v0 |
||
| 650 | 0 | 4 | _aتعليم الاطفال |
| 650 | 0 | 4 | _aاللغة الانجليزية |
| 650 | 0 | 4 | _aتعليم |
| 942 |
_2ddc _cBK |
||
| 999 |
_c44373 _d44373 |
||